000 00601nam a2200241Ia 4500
003 OSt
005 20220924144341.0
006 a|||||r|||| 00| 0
007 ta
008 220923b |||||||| |||| 00| 0 urd d
020 _c50.00
024 _a313735
037 _cTextual
040 _aARTS
_cARTS
_burd
041 _2urd
_aurd
082 _aO168,1M94x, M5
100 _aKakorvi Anwar Alvi
_9217499
245 0 _aRush-hat-e-Qaisari
260 _c1985
650 _aURDU POETRY
942 _hO168,1M94x, M5
_cTEXL
_2CC
999 _c456812
_d456812